As eagles fly (Record no. 4062)

000 -LEADER
fixed length control field 00531nam a22002177a 4500
003 - CONTROL NUMBER IDENTIFIER
control field Nust
005 - DATE AND TIME OF LATEST TRANSACTION
control field 20180723060911.0
008 - FIXED-LENGTH DATA ELEMENTS--GENERAL INFORMATION
fixed length control field 161216b xxu||||| |||| 00| 0 eng d
020 ## - INTERNATIONAL STANDARD BOOK NUMBER
International Standard Book Number 9788129111586 (pbk)
Terms of availability Rs. 122
038 ## - RECORD CONTENT LICENSOR
Staff Name Arshad
040 ## - CATALOGING SOURCE
Transcribing agency NUST- Fiction
041 ## - LANGUAGE CODE
Language code of original eng
082 ## - DEWEY DECIMAL CLASSIFICATION NUMBER
Classification number 823
Author Mark CAR
100 ## - MAIN ENTRY--PERSONAL NAME
Personal name Cartland, Barbara
9 (RLIN) 11921
245 ## - TITLE STATEMENT
Title As eagles fly
260 ## - PUBLICATION, DISTRIBUTION, ETC.
Place of publication, distribution, etc. New Delhi:
Name of publisher, distributor, etc. Rupa,
Date of publication, distribution, etc. 1975.
300 ## - PHYSICAL DESCRIPTION
Extent 171p.
650 ## - SUBJECT ADDED ENTRY--TOPICAL TERM
Topical term or geographic name entry element Man-woman relationships
9 (RLIN) 10188
650 ## - SUBJECT ADDED ENTRY--TOPICAL TERM
Topical term or geographic name entry element Muslims
9 (RLIN) 10261
942 ## - ADDED ENTRY ELEMENTS (KOHA)
Source of classification or shelving scheme
Koha item type Book
Holdings
Withdrawn status Lost status Source of classification or shelving scheme Damaged status Not for loan Collection code Permanent Location Current Location Shelving location Date acquired Total Checkouts Full call number Barcode Date last seen Copy number Price effective from Koha item type Total Renewals Date last checked out
            Central Library (CL) Central Library (CL) Fiction 12/16/2016   823 CAR CL2243 12/16/2016 1 12/16/2016 Book    
            Central Library (CL) Central Library (CL) Fiction 07/23/2018 4 823 CAR CL414 02/25/2026 2 07/23/2018 Book 1 01/23/2026
© 2023 Central Library, National University of Sciences and Technology. All Rights Reserved.